Breve diccionario de autores griegos y latinos.

Պահպանված է:
Մատենագիտական մանրամասներ
Հիմնական հեղինակ: Kytzler, Bernhard (autor)
Այլ հեղինակներ: Albella Martín, Manuel (versión española)
Ձևաչափ: Գիրք
Լեզու:անգլերեն
Հրապարակվել է: Madrid, España: Gredos, 1989.
Խորագրեր:
Ցուցիչներ: Ավելացրեք ցուցիչ
Չկան պիտակներ, Եղեք առաջինը, ով նշում է այս գրառումը!

MARC

LEADER 00000nam a22000007a 4500
003 CL-VaPUC
005 20220822114757.0
008 220801t1989 ||||| |||| 00| 0 eng d
999 |c 437827  |d 437825 
020 |a 84-249-1395- 
040 |c Pontificia Universidad Católica de Valparaíso 
082 |2 22  |a 880.9 KYT 1989 
100 |9 874515  |a Kytzler, Bernhard  |e autor 
245 |a Breve diccionario de autores griegos y latinos.  
260 |a Madrid, España:   |b Gredos,   |c 1989. 
300 |a 297 páginas.  
500 |a c.1 Donación Familia Prof. Alejandro Guzmán Brito. 
583 |c 20220801  |k Yessy Sthefany Diaz Vidal 
650 0 |9 872528  |a Literatura griega   |v Diccionarios  |x Autores  
650 0 |9 258055  |a Literatura latina   |v Diccionarios  |x Autores  
700 |9 874516  |a Albella Martín, Manuel  |e versión española 
942 |2 ddc  |c BK  |n 0 
952 |0 0  |1 0  |2 ddc  |4 0  |6 880_900000000000000_KYT_1989  |7 0  |8 C_AGB  |9 585658  |a BIBDER  |b BIBDER  |d 2022-08-01  |e Donación   |i 5653583  |o 880.9 KYT 1989  |p 5653583  |r 2023-01-25  |t 1  |w 2022-08-01  |y BK_US  |k AGB